Charity and economic empowerment/ (Record no. 31638)
[ view plain ]
| 000 -LEADER | |
|---|---|
| fixed length control field | 00564nam a2200169 4500 |
| 008 - FIXED-LENGTH DATA ELEMENTS--GENERAL INFORMATION | |
| fixed length control field | 230629b |||||||| |||| 00| 0 eng d |
| 020 ## - INTERNATIONAL STANDARD BOOK NUMBER | |
| International Standard Book Number | 9789966120557 |
| 050 ## - LIBRARY OF CONGRESS CALL NUMBER | |
| Classification number | HV 446.5 .O74 2019 |
| 100 ## - MAIN ENTRY--PERSONAL NAME | |
| Personal name | Orero, Charles W. |
| 245 ## - TITLE STATEMENT | |
| Title | Charity and economic empowerment/ |
| Statement of responsibility, etc. | Charles Wachunnah Oloo Orero |
| 260 ## - PUBLICATION, DISTRIBUTION, ETC. (IMPRINT) | |
| Place of publication, distribution, etc. | Nairobi: |
| Name of publisher, distributor, etc. | Printing Services, |
| Date of publication, distribution, etc. | c2019. |
| 300 ## - PHYSICAL DESCRIPTION | |
| Extent | volumes : |
| Other physical details | illustrations ; |
| Dimensions | 21 cm |
| 650 ## - SUBJECT ADDED ENTRY--TOPICAL TERM | |
| Topical term or geographic name as entry element | Charities |
| 650 ## - SUBJECT ADDED ENTRY--TOPICAL TERM | |
| Topical term or geographic name as entry element | Charities Kenya |
| 650 ## - SUBJECT ADDED ENTRY--TOPICAL TERM | |
| Topical term or geographic name as entry element | Economic assistance, Domestic |
| 942 ## - ADDED ENTRY ELEMENTS (KOHA) | |
| Source of classification or shelving scheme | |
| Koha item type | Hard Covered Materials |
| Classification part | HV 446.5 .O74 2019 |
| Withdrawn status | Lost status | Source of classification or shelving scheme | Damaged status | Not for loan | Home library | Current library | Shelving location | Date acquired | Source of acquisition | Cost, normal purchase price | Total Checkouts | Full call number | Barcode | Date last seen | Price effective from | Koha item type |
|---|---|---|---|---|---|---|---|---|---|---|---|---|---|---|---|---|
| MACHAKOS UNIVERSITY LIBRARY | MACHAKOS UNIVERSITY LIBRARY | Africana | 05/06/2023 | Donation - Chandaria Foundation | 2400.00 | HV 446.5 .O74 2019 | 39432 | 29/06/2023 | 29/06/2023 | Africana (Books) |